• 首页
  • 本馆介绍
  • 公告通知
  • 最新文献
  • 馆藏检索
  • 电子资源
  • 读者导购
  • 参考咨询
  • 我的图书馆
  • 登录
  • 详细信息显示
  • 放入我的书架
  • 预约/预借图书
  • 作者相关作品
  • 分类相关作品
  • 丛书相关作品
  • 出版社相关作品

书目信息

  • 表格格式
  • 工作单格式
  • 卡片格式
题名:
光影·芳华
    
 
作者: 蒋祖逸 摄
分册:  
出版信息: 北京   中国书籍出版社  2021.07
页数: 175页
开本: 29cm
丛书名: 《梧桐深处》书系
单 册:
中图分类: J421.8
科图分类:
主题词: 摄影集--she ying ji--中国--现代
电子资源:
ISBN: 978-7-5068-8551-5
000 00997nam 2200265 450
001 CAL 0120227344489
005 20230217093112.0
010    @a978-7-5068-8551-5@dCNY85.00
100    @a20220120d2021 em y0chiy0120 ea
101 0  @achi
102    @aCN@b110000
105    @aa z 000yy
106    @ar
200 1  @a光影·芳华@Aguang ying · fang hua@f蒋祖逸摄
210    @a北京@c中国书籍出版社@d2021.07
215    @a175页@c图 (部分彩图)@d29cm
225 2  @a《梧桐深处》书系@A《 wu tong shen chu 》 shu xi
314    @a蒋祖逸, 现任深圳市盐田区文联主席, 中国摄影家协会会员、广东省摄影家协会会员、企业家摄影协会艺术顾问、广东省作家协会会员。
330    @a本书收录了作者近年来的摄影作品, 摄影作品主要涉及自然风景、人物、演出以及物件等。每幅作品作者都配有作品名及描述性文字。
410  0 @12001 @a《梧桐深处》书系
606 0  @a摄影集@Ashe ying ji@y中国@z现代
690    @aJ421.8@v5
701  0 @a蒋祖逸@Ajiang zu yi@4摄
801  0 @aCN@bBJXHZP@c20230228
905    @b1385687-90@dJ421.8@e477@f4
    
    光影·芳华/蒋祖逸摄.-北京:中国书籍出版社,2021.07
    175页:图 (部分彩图);29cm.-(《梧桐深处》书系)
    
    
    ISBN 978-7-5068-8551-5:CNY85.00
    本书收录了作者近年来的摄影作品, 摄影作品主要涉及自然风景、人物、演出以及物件等。每幅作品作者都配有作品名及描述性文字。
●
相关链接 在E读中查询图书 在五车中查询图书 在当当中查询图书 在豆瓣中查询图书


正题名:光影·芳华     索取号:J421.8/477         预约/预借

序号 登录号 条形码 馆藏地/架位号 状态 备注
1 1385687   213856870   第一样本阅览室/ [索取号:J421.8/477] 在馆    
2 1385688   213856889   第一借阅区/ [索取号:J421.8/477] 在馆    
3 1385689   213856898   第一借阅区/ [索取号:J421.8/477] 在馆    
4 1385690   213856905   第一借阅区/ [索取号:J421.8/477] 在馆    
唐山师范学院图书馆 欢迎您!
大连网信软件有限公司© 版权所有